Натуральные и синтетические алмазы в промышленности

গ্রন্থ-পঞ্জীর বিবরন
প্রধান লেখক: Коломейская М. Я. Мария Яковлевна
ভাষা:রুশ
প্রকাশিত: Москва, Недра, 1967
বিষয়গুলি:
বিন্যাস: MixedMaterials গ্রন্থ
KOHA link:https://koha.lib.tpu.ru/cgi-bin/koha/opac-detail.pl?biblionumber=176527

MARC

LEADER 00000nam0a2200000 4500
001 176527
005 20231031165329.0
035 |a (RuTPU)RU\TPU\book\191373 
090 |a 176527 
100 |a 20100301d1967 m y0rusy50 ca 
101 0 |a rus 
102 |a RU 
105 |a a z 001zy 
200 1 |a Натуральные и синтетические алмазы в промышленности  |f М. Я. Коломейская 
210 |a Москва  |c Недра  |d 1967 
215 |a 145 с.  |c ил. 
320 |a Библиография в конце книги. 
610 1 |a алмазы 
610 1 |a промышленность 
610 1 |a физические свойства 
610 1 |a химические свойства 
610 1 |a механические свойства 
610 1 |a применение 
610 1 |a ювелирные алмазы 
610 1 |a цены 
675 |a 553.8  |v 3 
700 1 |a Коломейская  |b М. Я.  |g Мария Яковлевна 
801 1 |a RU  |b 63413507  |c 20100301 
801 2 |a RU  |b 63413507  |c 20130614  |g RCR 
942 |c BK